Faktory návštevnosti predajne autodielov TENDER CAR PARTNER diplomová práca

Na minha lista:
Detalhes bibliográficos
Autor principal: Angst, Peter
Autor Corporativo: Obchodná fakulta EU. Katedra marketingu
Outros Autores: Richterová, Kornélia
Formato: Livro
Idioma:eslovaco
Publicado em: Bratislava 2012
Tags: Adicionar Tag
Sem tags, seja o primeiro a adicionar uma tag!

MARC

LEADER 00000nbm a2200000 4500
001 0159171
005 20161109102231.1
041 0 |a slo 
044 |a SK 
245 1 0 |a Faktory návštevnosti predajne autodielov TENDER CAR PARTNER  |b diplomová práca  |c Peter Angst ; školiteľ: Kornélia Richterová 
264 1 |a Bratislava  |c 2012 
300 |a 62 s. 
100 1 |a Angst, Peter 
700 1 |a Richterová, Kornélia 
710 2 |a Obchodná fakulta EU. Katedra marketingu